000 01622nam0a22002771 4500
001 v19\rc\1718354
005 20260406210441.0
035 _a(NLR Aleph) 004816595
090 _a4978726
_c4978726
100 _a20061002d1900 |||y0rusy50 ca
101 0 _arus
102 _aRU
105 _ay b |||||
200 1 _aКаталог духовно-нравственных книг и брошюр, св. икон, киотов, крестов: наперсных-священнических и шейных, цепочек, шнуров и лент для крестиков и священ. картин, продающихся в лавке Псковского Кирилло-Мефодиевского братства... в гор. Пскове
210 _aПсков
_d1900
215 _a45 с.
532 1 2 _aКаталог духовно-нравственных книг и брошюр, святых икон, киотов, крестов: наперсных-священнических и шейных, цепочек, шнуров и лент для крестиков и священ. картин, продающихся в лавке Псковского Кирилло-Мефодиевского братства... в гор. Пскове
702 0 _aКирилл
_4570
702 0 _aМефодий
_4570
710 0 2 _aПсковское братство св. Кирилла и Мефодия
_bЛавка
_3RU\NLR\AUTH\889967320
_9430986
801 0 _aRU
_bNLR
_gpsbo
801 0 _aRU
_bRuMoRGB
_2psbo
801 1 _aRU
_bProSoft-M
_2rusmarc
852 _aNLR
_j18.146.3.707
942 _cBOOK
980 _aNB